BIBLIOTHÈQUE DE LA MAISON DU MEXIQUE

Logo 1 Logo 2

La política de masas del cardenismo (notice nᵒ 10157)

détails MARC
000 -Sello discográfico
campo de control de longitud fija 00894nam a2200301 4500
005 - Identificación de versión
campo de control 20251016083807.0
035 ## - Otros números de control del sistema
Número de control del sistema 16100
099 ## - fechas locales
Tipo de ítem Koha LIBRO
100 ## - Datos de procesamiento general
Datos de procesamiento general 20031217d19841974m y1spay5003 ba
105 ## - Campo de datos codificados: Material textual, monográfico
Datos codificados de monografía y 001zy
200 1# - Título y mención de responsabilidad
Título propio La política de masas del cardenismo
Designación general del material texto impreso
Primer mención de responsabilidad Arnaldo Córdova
205 ## - Declaración de edición
Declaración de edición 7a ed
210 ## - Publicación, distribución, etc.
Lugar de publicación, distribución, etc. México
Nombre del editor, distribuidor, etc. Ediciones Era
Fecha de publicación, distribución, etc. 1984
215 ## - Descripción física
Designación de material específico y extensión del ítem 219 p
Dimensiones 18 cm
345 ## - Nota de información de adquisición
Fuente de adquisición/dirección de la suscripción [OBSOLETO] Donación
410 #1 - Series
Título Serie Popular Era
Número de volumen 26
600 ## - Nombre personal usado como materia
Elemento de entrada Cárdenas del Río
Parte del nombre distinta del elemento de entrada Lázaro
Fechas 1895-1970
Adiciones al nombre que no sean fechas pres. México
Número Koha 1220
607 ## - Nombre geográfico utilizado como tema
Elemento de entrada México
Subdivisión temática Política y gobierno
Subdivisión cronológica 1921-
Número Koha 8426
660 ## - Código de área geográfica
Código MX
700 ## - Nombre personal - Responsabilidad primaria
Elemento de entrada Córdova
Parte del nombre distinta del elemento de entrada Arnaldo
Fechas 1937-2014
Número Koha 2507
801 #0 - Fuente de origen
País FR
Agencia cm
Reglas de catalogación (convenciones descriptivas) AFNOR
900 ## -
-- 1/5509
900 ## -
-- 7100317271\171203
942 ## - ELEMENTOS DE ENTRADA SECUNDARIOS (KOHA)
Tipo de ítem Koha Livre
996 ## -
-- MEX
-- 751145101
-- MMAG
-- 002212
-- 972.084 C79P
-- 20120301LIV
Exemplaires
Estatus retirado Estado de daño Estado de pérdida Fecha de adquisición Biblioteca de origen Biblioteca actual Ubicación en estantería Código de barras Precio de reemplazo Signatura topográfica completa No para préstamo Tipo de ítem Koha Nota pública Nota no pública
      05/08/2025 Casa México Paris Casa México Paris   002212 05/08/2025 972.084 C79P   Livre 20120301LIV 751145101